Skocznie narciarskie znajdujące się na terenie Włoch - Statystyki

Ogólne statystyki
  • Ten quiz został rozwiązany 44 razy
  • Średni wynik to 2 z 6
Statystyki odpowiedzi
% Poprawnych
Predazzo / Val di Fiemme
94%
Pragelato
65%
Cortina d Ampezzo
35%
Gallio
13%
Tarvisio
13%
Toblach / Dobbiaco
13%
Nie znaleziono quizów pasujących do podanych kryteriów
Rozkład punktacji
Procent ludzi z każdym wynikiem
Percentyl według liczby udzielonych odpowiedzi
Twoja historia wyników
Nie rozwiązałeś tego quizu